Представление документа в формате MARC21

Поле Инд. ПП Название Значение
Тип записи a
Библиографический уровень b
001 Контрольный номер UNIDUBNA2ca216f7c9fd488382e32e51dff5e810
005 Дата корректировки 20260526234137.9
008 Кодируемые данные 20170331
040 b Код языка каталог. rus
e Правила каталог. PSBO
041 0_ a Код языка текста rus
084 a Индекс другой классификации/Индекс ББК 63.3(2)6-3-7; 75.5
100 1_ a Автор Арсентьева О.
e Роль лиц Арсентьева Ольга
245 10 a Заглавие Такой футбол нам не нужен!
b Продолж. заглавия Почему в СССР в 1920-е годы детям запрещали замечательную игру
520 0_ a Аннотация Сто лет назад футбол стремительно завоевывал сердца людей. Самыми преданными его поклонниками были мальчишки, но в 1920-е годы в СССР детский футбол неожиданно признали "вредной игрой". Врачи утверждали, что этот вид спорта вреден для подростков, а пропагандисты затаившихся врагов стали искать среди детей. Выговоры и школьные суды в отношении юных футболистов стали обычной практикой, которая привела к тому, что тысячи ребят по всей стране стали играть в футбол нелегально. Со временем специалисты пересмотрели рекомендации, вернули детскому футболу легальный статус. Чем же была вызвана непопулярная мера, какими методами действовала пропаганда и почему детям все же вернули любимую игру?
650 14 a Основная рубрика авиастроение
a Основная рубрика внутренняя политика
a Основная рубрика история
a Основная рубрика спортивные игры
a Основная рубрика физическая культура
653 0_ a Ключевые слова "Пионерская правда" (газета)
a Ключевые слова XX век
a Ключевые слова дети
a Ключевые слова детский спорт
a Ключевые слова идеология
a Ключевые слова история спорта
a Ключевые слова история футбола
a Ключевые слова карательные меры
a Ключевые слова охрана здоровья
a Ключевые слова подростки
a Ключевые слова пропаганда
a Ключевые слова Россия
a Ключевые слова советский период
a Ключевые слова спорт
a Ключевые слова СССР
a Ключевые слова футбол
a Ключевые слова школьные суды
773 08 t Заглавие источника Родина
d Дата издания источника 2026
g Прочая информация № 4. - С. 130 - 133 : фот., ил.
w Контрольный № источника UNIDUBNAd3f1dc7f83864c1389850c509fe509f0
901 t Тип документа b